The architecture of distributed computer systems : (Record no. 4094)
[ view plain ]
| 000 -LEADER | |
|---|---|
| fixed length control field | 00912nac a22002171u 4500 |
| 010 ## - LIBRARY OF CONGRESS CONTROL NUMBER | |
| LC control number | 96046975 |
| 020 ## - INTERNATIONAL STANDARD BOOK NUMBER | |
| International Standard Book Number | 0201553325 |
| 082 00 - DEWEY DECIMAL CLASSIFICATION NUMBER | |
| Classification number | 004.36 |
| Item number | S5622 |
| 090 ## - LOCALLY ASSIGNED LC-TYPE CALL NUMBER (OCLC); LOCAL CALL NUMBER (OCLC) | |
| -- | 4094 |
| -- | 4094 |
| 100 ## - MAIN ENTRY--PERSONAL NAME | |
| Personal name | Shuey, Richard L. |
| 245 14 - TITLE STATEMENT | |
| Title | The architecture of distributed computer systems : |
| Remainder of title | a data engineering perspective on information systems / |
| Statement of responsibility, etc | Richard L. Shuey, David L. Spooner, and Ophir Frieder. |
| 260 ## - PUBLICATION, DISTRIBUTION, ETC. (IMPRINT) | |
| Place of publication, distribution, etc | Reading Mass. : |
| Name of publisher, distributor, etc | Addison Wesley Pub. Co.,1997 |
| Date of publication, distribution, etc | 1997. |
| 300 ## - PHYSICAL DESCRIPTION | |
| Extent | xv, 401 p. : |
| Other physical details | ill. ; |
| Dimensions | 24 cm. |
| 504 ## - BIBLIOGRAPHY, ETC. NOTE | |
| Bibliography, etc | Includes bibliographical references and index. |
| 650 #0 - SUBJECT ADDED ENTRY--TOPICAL TERM | |
| Topical term or geographic name as entry element | Electronic data processing |
| General subdivision | Distributed processing. |
| 650 #0 - SUBJECT ADDED ENTRY--TOPICAL TERM | |
| Topical term or geographic name as entry element | Computer architecture. |
| 700 1# - ADDED ENTRY--PERSONAL NAME | |
| Personal name | Spooner, David L. |
| 700 1# - ADDED ENTRY--PERSONAL NAME | |
| Personal name | Frieder, Ophir. |
| 942 ## - ADDED ENTRY ELEMENTS (KOHA) | |
| Item type | Book - Borrowing |
| Call number prefix | 004.36S5622 |
| Withdrawn status | Item status | Damaged status | Not for loan | Home library | Current library | Shelving location | Date acquired | Source of acquisition | Total Checkouts | Full call number | Barcode | Date last seen | Koha item type |
|---|---|---|---|---|---|---|---|---|---|---|---|---|---|
| Central Library | Central Library | Lower Floor | 21/08/2007 | Purchase | 004.36 SHU | 000000008 | 15/07/2025 | Book - Borrowing |